Catholic University of Zimbabwe Library
Online Public Access Catalogue
(OPAC)

Crime and punishment (Record no. 31845)

MARC details
000 -LEADER
fixed length control field 02424cam a2200481Ma 4500
001 - CONTROL NUMBER
control field ocn505124316
003 - CONTROL NUMBER IDENTIFIER
control field OCoLC
005 - DATE AND TIME OF LATEST TRANSACTION
control field 20210303085355.0
006 - FIXED-LENGTH DATA ELEMENTS--ADDITIONAL MATERIAL CHARACTERISTICS
fixed length control field m d
007 - PHYSICAL DESCRIPTION FIXED FIELD--GENERAL INFORMATION
fixed length control field cr un|||||||||
008 - FIXED-LENGTH DATA ELEMENTS--GENERAL INFORMATION
fixed length control field 050909s2005 ne a ob 000 0 eng d
020 ## - INTERNATIONAL STANDARD BOOK NUMBER
International Standard Book Number 9781849503693 (electronic bk.) :
Terms of availability £64.95 ; € 91.95 ; $106.95
020 ## - INTERNATIONAL STANDARD BOOK NUMBER
International Standard Book Number 1849503699 (electronic bk.) :
Terms of availability £64.95 ; € 91.95 ; $106.95
020 ## - INTERNATIONAL STANDARD BOOK NUMBER
Canceled/invalid ISBN 0762312459 (hbk.)
040 ## - CATALOGING SOURCE
Original cataloging agency CaPaEBR
Language of cataloging eng
Transcribing agency UBY
Modifying agency OCLCQ
-- ZJC
050 14 - LIBRARY OF CONGRESS CALL NUMBER
Classification number K18
Item number .E837 v. 37
072 #7 - SUBJECT CATEGORY CODE
Subject category code LAB
Source bicssc
072 #7 - SUBJECT CATEGORY CODE
Subject category code SOC026000
Source bisacsh
072 #7 - SUBJECT CATEGORY CODE
Subject category code LAW026000
Source bisacsh
080 ## - UNIVERSAL DECIMAL CLASSIFICATION NUMBER
Universal Decimal Classification number 340
082 04 - DEWEY DECIMAL CLASSIFICATION NUMBER
Classification number 303.36
Edition number 22
245 00 - TITLE STATEMENT
Title Crime and punishment
Medium [electronic resource] :
Remainder of title perspectives from the humanities /
Statement of responsibility, etc. edited by Austin Sarat.
260 ## - PUBLICATION, DISTRIBUTION, ETC.
Place of publication, distribution, etc. Amsterdam ;
-- Boston :
Name of publisher, distributor, etc. Elsevier JAI,
Date of publication, distribution, etc. c2005.
300 ## - PHYSICAL DESCRIPTION
Extent 1 online resource (ix, 331 p.) :
Other physical details ill.
490 1# - SERIES STATEMENT
Series statement Studies in law, politics, and society,
International Standard Serial Number 1059-4337 ;
Volume/sequential designation v. 37
504 ## - BIBLIOGRAPHY, ETC. NOTE
Bibliography, etc. note Includes bibliographical references.
520 ## - SUMMARY, ETC.
Summary, etc. Volume 37 of "Studies in Law, Politics, and Society" presents a special issue devoted to exploring humanistic perspectives on the subject of punishment. Drawing together a distinguished group of interdisciplinary scholars, it explores the way "deviant" subjects are constructed and made available for punishment, the philosophical context within which decisions about punishment are made, and the inner workings of the penal apparatus. Diverse in their theoretical inspirations and approaches, the articles published here represent a significant advance in our understanding of the complex intersections of punishment, politics, and culture.
588 ## - SOURCE OF DESCRIPTION NOTE
Source of description note Description based on print version record.
650 #0 - SUBJECT ADDED ENTRY--TOPICAL TERM
Topical term or geographic name entry element Punishment
General subdivision Philosophy.
650 #0 - SUBJECT ADDED ENTRY--TOPICAL TERM
Topical term or geographic name entry element Criminal law
General subdivision Philosophy.
650 #0 - SUBJECT ADDED ENTRY--TOPICAL TERM
Topical term or geographic name entry element Criminals
General subdivision Public opinion.
650 #0 - SUBJECT ADDED ENTRY--TOPICAL TERM
Topical term or geographic name entry element Imprisonment
General subdivision Social aspects.
650 #0 - SUBJECT ADDED ENTRY--TOPICAL TERM
Topical term or geographic name entry element Imprisonment
General subdivision Moral and ethical aspects.
650 #0 - SUBJECT ADDED ENTRY--TOPICAL TERM
Topical term or geographic name entry element Criminals
General subdivision Rehabilitation.
650 #7 - SUBJECT ADDED ENTRY--TOPICAL TERM
Topical term or geographic name entry element Jurisprudence & philosophy of law.
Source of heading or term bicssc
650 #7 - SUBJECT ADDED ENTRY--TOPICAL TERM
Topical term or geographic name entry element Social Science
General subdivision Sociology
-- General.
Source of heading or term bisacsh
650 #7 - SUBJECT ADDED ENTRY--TOPICAL TERM
Topical term or geographic name entry element Law
General subdivision Criminal Law
-- General.
Source of heading or term bisacsh
700 1# - ADDED ENTRY--PERSONAL NAME
Personal name Sarat, Austin.
776 1# - ADDITIONAL PHYSICAL FORM ENTRY
International Standard Book Number 9780762312450
830 #0 - SERIES ADDED ENTRY--UNIFORM TITLE
Uniform title Studies in law, politics, and society ;
Volume/sequential designation v. 37.
856 40 - ELECTRONIC LOCATION AND ACCESS
Uniform Resource Identifier <a href="https://www.emerald.com/insight/publication/doi/10.1016/S1059-4337(2005)37">https://www.emerald.com/insight/publication/doi/10.1016/S1059-4337(2005)37</a>
913 ## -
-- SSbacklist
Holdings
Withdrawn status Lost status Source of classification or shelving scheme Damaged status Not for loan Home library Current library Shelving location Date acquired Total Checkouts Full call number Date last seen Uniform Resource Identifier Price effective from Koha item type
          Digital Library Digital Library Online Access 03.03.2021   K18 .E837 v. 37 03.03.2021 https://www.emerald.com/insight/publication/doi/10.1016/S1059-4337(2005)37 03.03.2021 eBook

OPENING HOURS

Weekdays: 0815hrs - 1800hrs
Weekends:0900hrs - 1200hrs

Closed for Mass:

Mon, Thur: 1200hrs - 1300hrs
Sunday & Public Holiday’s

CALL SUPPORT

0242-570570, 0242-570169
09200664, +263 8644140602

LOCATION

18443, Cranborne Avenue, Hatfield, Harare

Other Links


©2021 | CUZ Library